书目信息 |
| 题名: |
大跨建筑结构形态轻型化及表现
|
|
| 作者: | 董宇, , 刘德明, 著 | |
| 分册: | ||
| 出版信息: | 北京 中国建筑工业出版社 2015.12 |
|
| 页数: | 278页 | |
| 开本: | 23cm | |
| 丛书名: | 大跨建筑新理论与实践丛书 | |
| 单 册: | ||
| 中图分类: | TU208.5 | |
| 科图分类: | ||
| 主题词: | 建筑物--jian zhu wu--大跨度结构--研究 | |
| 电子资源: | ||
| ISBN: | 978-7-112-18770-6 | |
| 000 | 01305nam 2200277 450 | |
| 001 | CAL 0120161786127 | |
| 005 | 20191031103151.67 | |
| 010 | @a978-7-112-18770-6@dCNY49.00 | |
| 100 | @a20170904d2015 em y0chiy50 ea | |
| 101 | 0 | @achi |
| 102 | @aCN@b110000 | |
| 105 | @aak z 000yy | |
| 200 | 1 | @a大跨建筑结构形态轻型化及表现@Ada kua jian zhu jie gou xing tai qing xing hua ji biao xian@d= Weight-lighting trend and rendering of long-span structure morphosis@f董宇, 刘德明著@zeng |
| 210 | @a北京@c中国建筑工业出版社@d2015.12 | |
| 215 | @a278页@c图@d23cm | |
| 225 | 2 | @a大跨建筑新理论与实践丛书@Ada kua jian zhu xin li lun yu shi jian cong shu |
| 300 | @a国家自然科学基金 (51208132) 黑龙江省哲学社会科学研究规划项目 (12C035) 第54批中国博士后面上基金 (2013M541380) | |
| 330 | @a本书着重阐释了大跨建筑在轻型化趋向意旨下的对应特质, 分别从几何特质、力学特质、材料特质、结分析 等结构性、形态性的轻型特质呈现作出了深化剖解。 | |
| 410 | 0 | @12001 @a大跨建筑新理论与实践丛书 |
| 510 | 1 | @aWeight-lighting trend and rendering of long-span structure morphosis@zeng |
| 606 | 0 | @a建筑物@Ajian zhu wu@x大跨度结构@x研究 |
| 690 | @aTU208.5@v5 | |
| 701 | 0 | @a董宇,@Adong yu@f1980-@4著 |
| 701 | 0 | @a刘德明,@Aliu de ming@f1961-@4著 |
| 801 | 0 | @aCN@c20170904 |
| 905 | @a河南城建学院图书馆@dTU208.5@eD754@f2 | |
| 大跨建筑结构形态轻型化及表现= Weight-lighting trend and rendering of long-span structure morphosis/董宇, 刘德明著.-北京:中国建筑工业出版社,2015.12 |
| 278页:图;23cm.-(大跨建筑新理论与实践丛书) |
| 国家自然科学基金 (51208132) 黑龙江省哲学社会科学研究规划项目 (12C035) 第54批中国博士后面上基金 (2013M541380) |
| ISBN 978-7-112-18770-6:CNY49.00 |
| 本书着重阐释了大跨建筑在轻型化趋向意旨下的对应特质, 分别从几何特质、力学特质、材料特质、结分析 等结构性、形态性的轻型特质呈现作出了深化剖解。 |
| ● |
| 相关链接 |
|
|
|
正题名:大跨建筑结构形态轻型化及表现
索取号:TU208.5/D754
 
预约/预借
| 序号 | 登录号 | 条形码 | 馆藏地/架位号 | 状态 | 备注 |
| 1 | 1243858 | 212438584 | 建筑库101/101建筑库 45排3列5层/ [索取号:TU208.5/D754] | 在馆 | |
| 2 | 1315209 | 213152096 | 建筑库101/101建筑库 45排3列5层/ [索取号:TU208.5/D754] | 在馆 | |
| 3 | 1315210 | 213152103 | 建筑与城市规划学院资料室/101建筑库 19排2列1层/ [索取号:TU208.5/D754] | 在馆 | |
| 4 | 1448340 | 214483405 | 建筑库101/101建筑库 45排3列5层/ [索取号:TU208.5/D754] | 在馆 | |
| 5 | 1448341 | 214483414 | 建筑库101/101建筑库 45排3列5层/ [索取号:TU208.5/D754] | 在馆 | |
| 6 | 1448342 | 214483423 | 建筑库101/101建筑库 45排3列5层/ [索取号:TU208.5/D754] | 在馆 | |
| 7 | 1448343 | 214483432 | 建筑库101/101建筑库 45排3列5层/ [索取号:TU208.5/D754] | 在馆 | |
| 8 | 1448345 | 214483450 | 建筑库101/101建筑库 45排3列6层/ [索取号:TU208.5/D754] | 在馆 |